00221nam a2200085Ia 4500008004100000100002300041245002000064260004200084260000900126170620s9999 xx 000 0 und d aLakshmi- D. Vijaya 0aBasic Education bNew Delhi- Discovery Publishing House c2006